French: Quantifiers - Statistics

General Stats
  • This quiz has been taken 14 times
  • The average score is 6 of 30
Answer Stats
Hint Answer % Correct
all/every tout
75%
each chaque
67%
more of plus de
67%
less/fewer moins de
58%
a lot/many beaucoup de
50%
some quelque
50%
several plusieurs
33%
too much/many trop de
33%
enough assez de
25%
the minority of la minorite de
25%
few/little peu de
25%
the majority of la majorité de
17%
most of la plupart de
17%
a dozen of une douzaine
17%
a little bit un peu de
17%
as much/as many autant de
8%
a fraction of une fraction de
8%
a multitude of une multitude de
8%
part of une partie de
8%
a bunch of/ a lot of un tas de
8%
far too much beaucoup trop de
0%
the totality of la totalité de
0%
quite a few pas mal de
0%
some/ a few quelques-uns
0%
a certain number un certain nombre de
0%
a large part of une grande partie de
0%
a handful of une poignée de
0%
a large number un grand nombre de
0%
a small number un petit nombre de
0%
a little more of un peu plus de
0%
No matching quizzes found
Score Distribution
Percent of People with Each Score
Percentile by Number Answered
Your Score History
You have not taken this quiz